000 00808nam a2200265Ia 4500
003 OSt
005 20220918164925.0
006 a|||||r|||| 00| 0
007 ta
008 220917b |||||||| |||| 00| 0 eng d
020 _a0815550227
024 _a251,583
037 _cTextual
040 _aARTS
_cARTS
_beng
041 _2eng
_aeng
082 _aY7183.51p1, N70, L4
100 _aCrossland R A Ed.
_921729
245 0 _aBronze age migrations in the aegean
_b Archeological and linguistic problems in Greek prehistory
260 _aNew Jersey
_bNoyes Press USA
_c1974
300 _a347p.
_ccm.
650 _aSOCIOLOGY
700 _a Birchall Ann Ed.
_921730
942 _hY7183.51p1, N70, L4
_cTEXL
_2CC
999 _c127454
_d127454